| 000 | 00666nam a2200157 i 4500 | ||
|---|---|---|---|
| 001 | 27268 | ||
| 003 | ES-MaACL | ||
| 005 | 20230906153604.0 | ||
| 007 | t| | ||
| 008 | 160426s1876 fr ||||1| fre d | ||
| 245 | 0 | 0 |
_aCatalogue de livres de littérature d'histoire et d'archéologie composant la bibliothèque de feu Mr Guigniaut commandeur de la légion d'honneur etc. : _bdont la vente aura lieu de lundi 9 Oct. 1876 et les 5 jours suivants etc. |
| 260 |
_aParis : _bAdolphe Labitte, _c1876. |
||
| 300 |
_a84 p. ; _c23 cm. |
||
| 650 | 0 | 4 |
_aLibros- _vCatálogos de subastas. _914429 |
| 852 |
_aES-MaACL _jT-206-F-6 _zEnc. en un vol. facticio falto de la cub. original |
||
| 999 |
_c27268 _d27268 |
||